000 00625nam a2200229Ia 4500
003 OSt
005 20221007075153.0
006 a|||||r|||| 00| 0
007 ta
008 221006b |||||||| |||| 00| 0 eng d
024 _a12,409
037 _cTextual
040 _aFLL
_cFLL
_beng
041 _2eng
_aeng
082 _aV2,64.N7, L9
100 _aPant Niranjan Au.
_9693591
245 0 _aPolitics of panchayati raj administration
260 _aNew Delhi
_bConcept pub. comp. India
_c1986
300 _a95p
_ccm.
942 _hV2,64.N7, L9
_cTEXL
_2CC
999 _c1155067
_d1155067